[Event "FRA-ch U12"]
[Site "Montlucon"]
[Date "1997.??.??"]
[Round "3"]
[White "Barbat, Victor"]
[Black "Gitzinger, Arnault"]
[Result "1/2-1/2"]
[WhiteElo "1420"]
[BlackElo "1220"]
[PlyCount "140"]
[EventDate "1997.??.??"]
[EventType "swiss"]
[EventRounds "8"]
[EventCountry "FRA"]
[SourceTitle "EXT 2020"]
[Source "ChessBase"]
[SourceDate "2019.10.17"]
[SourceVersion "1"]
[SourceVersionDate "2019.10.17"]
[SourceQuality "1"]

1. d4 d5 2. c4 dxc4 3. e4 Nc6 4. Bxc4 Qxd4 5. Qxd4 Nxd4 6. Bd3 Bd7 7. Be3 Nc6 8. Nc3 0-0-0 9. Nf3 Nf6 10. 0-0 e5 11. a3 Be7 12. b4 Bg4 13. Be2 Nd4 14. Bc4 Nxf3+ 15. gxf3 Bxf3 16. Bxf7 Nxe4 17. Nxe4 Bxe4 18. Bxa7 Bd3 19. Be6+ Rd7 20. Bxd7+ Kxd7 21. Rfd1 e4 22. f3 Kc8 23. Re1 Bf6 24. Rad1 Bc3 25. Re3 Bc2 26. Rc1 Bd2 27. Rxc2 Bxe3+ 28. Bxe3 exf3 29. Bb6 c6 30. b5 g6 31. bxc6 bxc6 32. Rxc6+ Kb7 33. Rf6 Ra8 34. Bc5 Rc8 35. Bb4 Rc1+ 36. Kf2 Rc2+ 37. Kg3 Rg2+ 38. Kxf3 Rxh2 39. Kg4 Rh5 40. a4 Rd5 41. Rd6 Re5 42. Kf3 Rf5+ 43. Ke4 Rh5 44. Rd4 g5 45. Kf5 h6 46. Bd6 Kc6 47. Bf8 Kb6 48. Bb4 Kc6 49. Rd6+ Kc7 50. Rd4 Kc6 51. Rc4+ Kd5 52. Rc5+ Kd6 53. a5 Rh4 54. Rc4+ Kd7 55. Rxh4 gxh4 56. Kg4 Kc6 57. Kxh4 Kb5 58. Bc3 Ka6 59. Kh5 Kb5 60. Kxh6 Ka6 61. Kg6 Kb5 62. Kf6 Ka6 63. Ke6 Kb5 64. Kd6 Ka6 65. Kc6 Ka7 66. Kc7 Ka8 67. Kb6 Kb8 68. Bf6 Ka8 69. Be7 Kb8 70. Bd8 Ka8 1/2-1/2

[Event "FRA-ch U12"]
[Site "Montlucon"]
[Date "1997.??.??"]
[Round "1"]
[White "Boutet, Loic"]
[Black "Gitzinger, Arnault"]
[Result "1-0"]
[WhiteElo "1530"]
[BlackElo "1220"]
[PlyCount "37"]
[EventDate "1997.??.??"]
[EventType "swiss"]
[EventRounds "8"]
[EventCountry "FRA"]
[SourceTitle "EXT 2020"]
[Source "ChessBase"]
[SourceDate "2019.10.17"]
[SourceVersion "1"]
[SourceVersionDate "2019.10.17"]
[SourceQuality "1"]

1. e4 e5 2. Nf3 Nc6 3. Bb5 d6 4. d4 a6 5. Bxc6+ bxc6 6. dxe5 Qe7 7. Bf4 dxe5 8. Bg3 Qb4+ 9. Nbd2 Qxb2 10. Bxe5 Qb6 11. 0-0 Bd6 12. Bxg7 Qa5 13. Bxh8 Qh5 14. e5 Be7 15. Ne4 Bg4 16. Nf6+ Bxf6 17. Bxf6 Bxf3 18. Qxf3 Rd8 19. Qxh5 1-0